000 00637nam a22001817a 4500
005 20231130071940.0
008 231130b |||||||| |||| 00| 0 eng d
020 _a9789994500994
041 _aEnglish
082 _a340 LAW
100 _lEnglish
245 _aThe Law Reform and Development Commission of Namibia at 25 :
_bA Quarter Century of Social Carpentry /
_cedited by DP Zongwe and Y Dausab
250 _aFirst Edition
260 _aWindhoek :
_bLaw Reform and Development Commission,
_c2017
300 _bxvi, 382 pages ;
_c26,5 cm.
650 _aLegal practice
_bLaw
942 _cBK
_6ALISON_BN_VRIES
999 _c1073
_d1073